000 00445nam a22001817a 4500
005 20230921190818.0
008 230921b |||||||| |||| 00| 0 eng d
020 _a9788129702722
082 _a621.380412
_bRAB-D
100 _aRabiner,L.R
245 _aDigital Processing of Speech Signals
260 _aIndian
_bPearson
_c2005
300 _a528
500 _aInclude Index
650 _aEngineering
700 _aL.R.Rabiner
999 _c33670
_d33670